000 00431ntaaa2200169 4500
003 01
005 20251027201934.0
008 0714s1973 ag 01
040 _aAR-BaBN
_bspa
_cAR-BaBN
_eaacr
_dRIC
082 _a245.0000 C54
100 _aClark, W. Thornburn
245 _aStories of fadeless hymns
250 _a1 ed. :
_bBroadman Press,
_cc1949
300 _a184 p.
650 _aMúscia-Historia de Himnos
_917966
942 _cBK
999 _c14114
_d14114